000 00685cam a2200205 i 4500
005 20260128112323.0
008 250721s2000 ua gr 000 0 ara d
020 _a9770517488
082 1 4 _a370
_bإ ب ر
100 1 _aإبراهيم، مجدي عزيز
_eمؤلف.
245 1 0 _aتطوير التعليم في عصر العولمة /
_cالدكتور مجدي عزيز إبراهيم.
264 3 1 _aالقاهرة :
_bمكتبة الأنجلو المصرية،
_c2000.
300 _a246 صفحة.
650 1 7 _aالتربية.
650 1 7 _aالتعلم.
650 1 7 _aالتطوير.
653 _aالعولمة
942 _2ddc
_cBK
999 _c79470
_d79470